| 000 | 00537nam a22001817a 4500 | ||
|---|---|---|---|
| 003 | 0 | ||
| 005 | 20230620100201.0 | ||
| 008 | 230620b xxu||||| |||| 00| 0 eng d | ||
| 020 | _a978-971-996-882-5 | ||
| 082 |
_aFil. 363.7288 _b.Fi566 2013 |
||
| 245 |
_aPlastic = Plastik _cFix, Alexandra |
||
| 260 |
_aQuezon City _bC&E Publishing, Inc. _cC2013 |
||
| 300 |
_a34pp. _bcol. ill. _c19cm. |
||
| 500 | _aPlastic waste-Juvenile literature. | ||
| 500 | _aWaste management. | ||
| 504 | _aIncludes glossary and index. | ||
| 942 |
_2ddc _cBK |
||
| 999 |
_c365043 _d365043 |
||